Most Surveilled Cities in the World - Statistics

General Stats
  • This quiz has been taken 124 times
  • The average score is 15 of 30
Answer Stats
Rank Cameras per 1000 People Area Answer % Correct
9 39.93 Asia Beijing
85%
6 68.4 Europe London
83%
3 113.46 Asia Shanghai
83%
26 6.71 Asia Hong Kong
78%
11 15.25 Asia Singapore
71%
15 12.35 Oceania Sydney
71%
18 11.7 Europe Moscow
70%
8 52.75 Asia Guangzhou
68%
25 7.15 Asia/Europe Istanbul
65%
7 60.49 Asia Wuhan
63%
28 5.61 North America Washington D.C.
62%
19 11.18 Europe Berlin
61%
13 13.06 North America Chicago
56%
2 159.09 Asia Shenzhen
54%
29 5.53 Europe St. Petersburg
54%
1 168.03 Asia Chongqing
53%
20 9.62 Asia New Delhi
51%
17 12.14 Asia Dubai
50%
4 92.87 Asia Tianjin
50%
30 5.46 Oceania Canberra
44%
12 13.77 Asia Abu Dhabi
43%
14 12.4 Asia Urumqi
29%
23 7.85 Europe Warsaw
29%
24 7.38 Europe Vienna
27%
16 12.3 Asia Baghdad
25%
10 15.56 North America Atlanta
21%
27 6.31 Asia Changsha
18%
22 9.09 Asia Islamabad
16%
5 73.82 Asia Ji'nan
12%
21 9.22 Asia Nanchang
6%
No matching quizzes found
Score Distribution
Percent of People with Each Score
Percentile by Number Answered
Your Score History
You have not taken this quiz